000
00330nam a2200133Ia 4500
005
20251222142007.0
008
251222s9999||||xx |||||||||||||| ||spa||
020
_a
950-23-1268-6
082
_a
370.1/H78
100
_a
Houssaye, Jean
245
0
_a
Educación y Filosofía:
264
_b
Universidad de Buenos Aires
942
_c
LIB
999
_c
10203
_d
10203